00486 2200193 4500001002100000005001500021035002000036007000300056008004100059020002200100082000800122084001400130100001400144245003000158250001100188260004900199300003400248650001000282INLIS00000000000116720210929070629 a0010-0921000066ta210929 d f ind  a978-623-95545-6-9 a813 a813 TER t0 aTere Liye1 aTentang Kamu /cTere Liye aCet. 2 aJawa Barat :bPT Sabak Grip Nusantara,c2021 a504 hlm. ;c13,5 cm x 20,5 cm anovel